MARC details
| 000 -CABECERA |
| campo de control de longitud fija |
01111cam a2200289 4500 |
| 001 - NÚMERO DE CONTROL |
| campo de control |
000014258 |
| 003 - IDENTIFICADOR DEL NÚMERO DE CONTROL |
| campo de control |
UkOxU |
| 005 - FECHA Y HORA DE LA ÚLTIMA TRANSACCIÓN |
| campo de control |
20200929163537.0 |
| 008 - DATOS DE LONGITUD FIJA--INFORMACIÓN GENERAL |
| campo de control de longitud fija |
730803s1970 sp b 001 0 spa d |
| 035 ## - NÚMERO DE CONTROL DEL SISTEMA |
| Número de control de sistema |
(OCoLC)ocm00670647 |
| Número de control cancelado/no válido |
(OCoLC)670647 |
| 040 ## - FUENTE DE LA CATALOGACIÓN |
| Centro catalogador/agencia de origen |
DO-SdBNP |
| Centro/agencia transcriptor |
spa |
| Centro/agencia modificador |
BNPHU |
| 043 ## - CÓDIGO DE ÁREA GEOGRÁFICA |
| Código de área geográfica |
e-sp--- |
| 049 ## - FONDOS LOCALES (OCLC) |
| Fondos de biblioteca |
BNPD |
| 100 1# - ENTRADA PRINCIPAL--NOMBRE DE PERSONA |
| Nombre de persona |
Tamames, Ramón, |
| Fechas asociadas al nombre |
1933- |
| 9 (RLIN) |
32192 |
| 245 10 - MENCIÓN DE TÍTULO |
| Título |
Estructura económica de España / |
| Mención de responsabilidad, etc. |
[por] Ramón Tamames ; prólogo de José Luis Sampedro. |
| 250 ## - MENCIÓN DE EDICIÓN |
| Mención de edición |
5. ed. |
| 260 ## - PUBLICACIÓN, DISTRIBUCIÓN, ETC. |
| Lugar de publicación, distribución, etc. |
Madrid : |
| Nombre del editor, distribuidor, etc. |
Guadiana de Publicaciones, |
| Fecha de publicación, distribución, etc. |
1970. |
| 300 ## - DESCRIPCIÓN FÍSICA |
| Extensión |
xx, 836 p. ; |
| Dimensiones |
24 cm. |
| 440 10 - MENCIÓN DE SERIE/PUNTO DE ACCESO ADICIONAL--TÍTULO |
| Título |
Colección Biblioteca universitaria de economiá. |
| Nombre de parte o sección de la obra |
Manuales |
| 9 (RLIN) |
32193 |
| 500 ## - NOTA GENERAL |
| Nota general |
Incluye notas al pie de las páginas. |
| 504 ## - NOTA DE BIBLIOGRAFÍA, ETC. |
| Nota de bibliografía, etc. |
Includes bibliographical footnotes and indexes. |
| 651 #0 - PUNTO DE ACCESO ADICIONAL DE MATERIA--NOMBRE GEOGRÁFICO |
| Nombre geográfico |
Spain |
| Subdivisión general |
Economic Conditions |
| Subdivisión cronológica |
1918-1975. |
| 9 (RLIN) |
32194 |
| 700 1# - PUNTO DE ACCESO ADICIONAL--NOMBRE DE PERSONA |
| Nombre de persona |
Sampedro, José Luis |
| Títulos y otros términos asociados al nombre |
pról. |
| 9 (RLIN) |
32195 |
| 830 #0 - PUNTO DE ACCESO ADICIONAL DE SERIE-TÍTULO UNIFORME |
| Título uniforme |
Colección Biblioteca universitaria de economiá. |
| 9 (RLIN) |
32196 |
| 852 ## - LOCALIZACIÓN |
| -- |
20424005 |
| -- |
Available |
| 910 ## - DATOS DE OPCIÓN DEL USUARIO (OCLC) |
| Datos de opción del usuario |
Catalogación derivada |